000 00646nam a22002177a 4500
005 20251108172322.0
008 250721s2000 xx 000 0 ara d
082 1 4 _a388/علي
100 1 _aعلي، زين العابدين
245 1 0 _aمبادئ تخطيط النقل الحضري /
264 1 _aعمان :
_bدار صفاء للنشر و التوزيع،
_c2000.
300 _a127ص
650 1 7 _aالنقل
650 1 7 _aالنقل الحضري
650 1 7 _aالنقل الجوي
650 1 7 _aالنقل البحري
650 1 7 _aالطرق
650 1 7 _aمسح حركة المرور
942 _2ddc
_cBK
999 _c76091
_d76091